Σχεδίαση και πρωτοτυποποίηση προϊόντων
Αποθηκεύτηκε σε:
| Κύριος συγγραφέας: | |
|---|---|
| Άλλοι συγγραφείς: | , |
| Μορφή: | Βιβλίο |
| Γλώσσα: | Greek |
| Δημοσίευση: |
Θεσσαλονίκη :
Τζιόλα,
c2021.
|
| Θέματα: | |
| Ετικέτες: |
Προσθήκη ετικέτας
Δεν υπάρχουν, Καταχωρήστε ετικέτα πρώτοι!
|
MARC
| LEADER | 00000cam a2200000 a 4500 | ||
|---|---|---|---|
| 001 | 1/124692 | ||
| 008 | 220413s2021####gr | ||| |||| ||gre|| | ||
| 020 | |a 9789604188871 | ||
| 040 | |a GR-MyUa |b gre |c GR-MyUa |e AACR2 | ||
| 041 | 0 | |a gre | |
| 082 | 7 | |a 658.5752 |2 (23) | |
| 100 | 1 | |a Ευκολίδης, Νικόλαος. | |
| 245 | 1 | 0 | |a Σχεδίαση και πρωτοτυποποίηση προϊόντων / |c Νικόλαος Ευκολίδης, Παναγιώτης Κυράτσης, Αθανάσιος Μανάβης. |
| 260 | |a Θεσσαλονίκη : |b Τζιόλα, |c c2021. | ||
| 300 | |a 304 σ. : |b εικ. ; |c 25 εκ. | ||
| 500 | |a Περιλαμβάνει ευρετήριο. | ||
| 650 | 0 | |a Product design | |
| 650 | 0 | |a New products. | |
| 700 | 1 | |a Κυράτσης, Παναγιώτης. | |
| 700 | 1 | |a Μανάβης, Αθανάσιος. | |
| 920 | |a Εύδοξος |b Παραγγελία |y Σύρος-ΤΜΣΠΣ |z 2022-04 | ||
| 970 | |a Κοντού |b Παρασκευή |z 13/04/2022 | ||